000 01311nam a2200337Ia 4500
003 OSt
005 20220912150916.0
006 a|||||r|||| 00| 0
007 ta
008 220909b |||||||| |||| 00| 0 eng d
020 _a3540432337 (pbk)
024 _a9749
037 _bOverseas,
037 _cTextual
040 _aCSL
_beng
_cCSL
041 _aeng
082 _aD65,8(B),27p1,P0, P2^TD
100 _aGaul Wolfgang Ed
111 _aAnnual conference on classification automation and new media^gUniversity of Passau^iMarch 15-17, 2000
245 0 _aProceedings ed by Wolfgang Gaul and Gunter Ritter
260 _aBerlin
_bSpringer-Verlag
_c2002
300 _axi, 535p
490 _aStudies in classification, data analysis, and knowledge organization
500 _aIncludes bibliographical references; Index 531-535p; ^n23/CSL/D65/2002-2003/254^d2002-08-14^mPurchase; ; 2002-03/172^b2002-08-28^c2141^d2002-08-19^eRs.6,522.00^fOverseas Press (India)Pvt. Ltd.; ; 2002-12-11^bSB^c2004-01-02^bJindal
650 _a Classification
650 _a Knowledge oragnization
650 _aComputer science
700 _a Ritter Gunter Ed
942 _hD65,8(B),27p1,P0, P2^TD
_cTEXL
_2CC
999 _c57243
_d57243